Skąd są Ci wydawcy gier? - Statystyki

Ogólne statystyki
  • Ten quiz został rozwiązany 148 razy
    139 od ostatniego zresetowania
  • Średni wynik to 16 z 25
Statystyki odpowiedzi
Wydawca Kraj % Poprawnych
Rockstar Games Stany Zjednoczone
90%
Xbox Game Studios Stany Zjednoczone
87%
Electronic Arts Inc. Stany Zjednoczone
86%
CD-Projekt Red Polska
85%
Blizzard Stany Zjednoczone
83%
Valve Corporation Stany Zjednoczone
81%
Nintendo Japonia
79%
Konami Japonia
79%
Riot Games Stany Zjednoczone
79%
Disney Interactive Studios Stany Zjednoczone
77%
Sony Interactive Entertainment Japonia
73%
Techland Polska
72%
Activision Stany Zjednoczone
72%
LucasArts Stany Zjednoczone
69%
Fox Interactive Stany Zjednoczone
67%
Ubisoft Francja
60%
Bandai Namco Entertainment Japonia
60%
SEGA Japonia
58%
Mojang AB Szwecja
57%
11 bit studios Polska
32%
Paradox Interactive Szwecja
26%
FireFly Studios Wielka Brytania
26%
Gameloft Francja
24%
Wargaming Białoruś
21%
TaleWorlds Turcja
9%
Nie znaleziono quizów pasujących do podanych kryteriów
Rozkład punktacji
Procent ludzi z każdym wynikiem
Percentyl według liczby udzielonych odpowiedzi
Twoja historia wyników
Nie rozwiązałeś tego quizu od ostatniego zresetowania